Espacios / (Registro nro. 6730)

Detalles MARC
000 -LEADER
campo de control de longitud fija 03352cam a22004814i 4500
003 - IDENTIFICADOR DE NÚMERO DE CONTROL
campo de control PE-LiUPU
005 - FECHA Y HORA DE LA ÚLTIMA TRANSACCIÓN
campo de control 20250731183339.0
008 - DATOS DE LONGITUD FIJA--INFORMACIÓN GENERAL
campo de control de longitud fija 150812s2013 mx a r 000 0 spa d
020 ## - NÚMERO INTERNACIONAL ESTÁNDAR DEL LIBRO
Número Internacional Estándar del Libro 9789709726954
Información calificativa (Forma y volumen)
020 ## - NÚMERO INTERNACIONAL ESTÁNDAR DEL LIBRO
Número Internacional Estándar del Libro 9786074370300
Información calificativa (Diseño y composición)
020 ## - NÚMERO INTERNACIONAL ESTÁNDAR DEL LIBRO
Número Internacional Estándar del Libro 9786074370430
Información calificativa (Expresión vanguardista)
035 ## - NÚMERO DE CONTROL DEL SISTEMA
Número de control de sistema (Sirsi) i9789709726954
040 ## - FUENTE DE CATALOGACIÓN
Centro catalogador/agencia de origen PE-LiUPU
Lengua de catalogación spa
Centro/agencia transcriptor PE-LiUPU
Normas de descripción rda
049 ## - FONDOS LOCALES (OCLC)
Biblioteca depositaria PRUA
041 1# - CÓDIGO DE IDIOMA
Código de lengua del texto/banda sonora o título independiente spa
Código de lengua original eng
082 04 - NÚMERO DE LA CLASIFICACIÓN DECIMAL DEWEY
Número de clasificación 720.972
Cutter E8
Número de edición
245 00 - MENCIÓN DEL TÍTULO
Título Espacios /
Mención de responsabilidad, etc. edición, Fernando de Haro, Omar Fuentes.
264 #1 - PRODUCCIÓN, PUBLICACIÓN, DISTRIBUCIÓN, FABRICACIÓN Y COPYRIGHT
Producción, publicación, distribución, fabricación y copyright D.F México :
Nombre del de productor, editor, distribuidor, fabricante AM Editores,
Fecha de producción, publicación, distribución, fabricación o copyright 2009.
300 ## - DESCRIPCIÓN FÍSICA
Extensión 3 volúmenes :
Otras características físicas ilustraciones ;
Dimensiones 29 cm
336 ## - TIPO DE CONTENIDO
Término de tipo de contenido text
Fuente rdacontent
337 ## - TIPO DE MEDIO
Nombre/término del tipo de medio unmediated
Fuente rdamedia
338 ## - TIPO DE SOPORTE
Nombre/término del tipo de soporte volume
Fuente rdacarrier
505 0# - NOTA DE CONTENIDO CON FORMATO
Información miscelánea Volumen 10.
Título Forma y volumen -- Abax -- ARQEE -- ART Arquitectos -- ARTECK -- Bunker Arquitectura -- D + S -- DPGA -- Grupo Arquitech -- Grupo Cero -- Grupo Volta -- Hasbani Arquitectos -- Legorreta + Legorreta -- Martor Arquitectos -- Oscar M. Cadena Arquitecto -- PML Arquitectos -- Sordo Madaleno y Asociados -- Space --
Información miscelánea Volumen 11.
Título Diseño y composición -- Abax -- Alco-Taller de Arquitectura 2020 -- Arquitectura Corporativa -- ART Arquitectos -- FC Arquitectos -- Félix Blanco, Diseño y Arquitectura -- Juan Carlos Aviles Arquitectos -- Legorreta + Legorreta -- Oscar M. Cadena Arquitecto -- Pascal Arquitectos -- Sama Arquitectos -- Sergio Orduña Chapoy -- Torbeli --
Información miscelánea Volumen 12.
Título Expresión vanguardista -- Abax -- ART Arquitectos -- Di Vece y Asociados Arquitectos -- DPGª -- G + A, Estudio de Arquitectura y Diseño -- Grupo Cero -- JSª -- Legorreta + Legorreta -- Martorell Arquitectos -- Oscar M. Cadena Arquitecto -- Rodjoan Design -- Salas Arquitectos -- Sama Arquitectos -- Soluciona Arquitectura / Puebla Arquitectos -- Sordo Madaleno Arquitectos.
526 ## - NOTA DE INFORMACIÓN SOBRE EL PROGRAMA DE ESTUDIO
Nombre del programa Maestría Bim Facility Management (A distancia)
526 ## - NOTA DE INFORMACIÓN SOBRE EL PROGRAMA DE ESTUDIO
Nombre del programa
526 ## - NOTA DE INFORMACIÓN SOBRE EL PROGRAMA DE ESTUDIO
Nombre del programa Educación musical y artes
526 ## - NOTA DE INFORMACIÓN SOBRE EL PROGRAMA DE ESTUDIO
Nombre del programa Educación, especialidad educación física
526 ## - NOTA DE INFORMACIÓN SOBRE EL PROGRAMA DE ESTUDIO
Nombre del programa Arquitectura
541 ## - NOTA DE FUENTE DE ADQUISICIÓN DIRECTA
-- 001-0038462;
596 ## -
-- 1
650 #4 - PUNTO DE ACCESO ADICIONAL DE MATERIA--TÉRMINO DE MATERIA
Término de materia o nombre geográfico como elemento de entrada Espacio en arquitectura.
700 1# - ENTRADA AGREGADA--NOMBRE PERSONAL
Nombre de persona Haro, Fernando de,
Término indicativo de función/relación editor.
700 1# - ENTRADA AGREGADA--NOMBRE PERSONAL
Nombre de persona Fuentes, Omar,
Término indicativo de función/relación editor.
910 ## - DATOS DE OPCIÓN DEL USUARIO (OCLC)
Datos de opción del usuario cce
-- jvq
-- cce
-- 20150812
942 ## - ELEMENTOS DE ENTRADA SECUNDARIOS (KOHA)
Fuente del sistema de clasificación o colocación Clasificación Decimal Dewey
Tipo de ítem Koha
949 ## - PROCESAMIENTO DE INFORMACIÓN LOCAL (OCLC)
a 720.972 E8 10
w DEWEY
c 1
i 70810
l CCODEBUL1
m BUL
p 44.00
r 0
s Y
t BOOK
u 2015-08-12
x INGENIERIA
z ARQUITECTURA
0 COMPRA
o .STAFF. Colección General
949 ## - PROCESAMIENTO DE INFORMACIÓN LOCAL (OCLC)
a 720.972 E8 11
w DEWEY
c 1
i 70811
l CCODEBUL1
m BUL
p 44.00
r 0
s Y
t BOOK
u 2015-08-12
x INGENIERIA
z ARQUITECTURA
0 COMPRA
o .STAFF. Colección General
949 ## - PROCESAMIENTO DE INFORMACIÓN LOCAL (OCLC)
a 720.972 E8 12
w DEWEY
c 1
i 70812
l CCODEBUL1
m BUL
p 44.00
r 0
s Y
t BOOK
u 2015-08-12
x INGENIERIA
z ARQUITECTURA
0 COMPRA
o .STAFF. Colección General
994 ## -
-- C0
-- PEPRU
999 ## - NÚMEROS DE CONTROL DE SISTEMA (KOHA)
-- DEWEY
-- 70810
-- 2018-6-3
-- 2021-11-9
-- 11
-- CCODEBUL1
-- BUL
-- 6
-- 44.00
-- 4
-- 0
-- Y
-- BOOK
-- 2015-8-12
-- INGENIERIA
-- P06
-- COMPRA
-- .STAFF. Colección General
999 ## - NÚMEROS DE CONTROL DE SISTEMA (KOHA)
-- DEWEY
-- 70811
-- 2016-11-8
-- 2021-11-9
-- 6
-- CCODEBUL1
-- BUL
-- 5
-- 44.00
-- 3
-- 0
-- Y
-- BOOK
-- 2015-8-12
-- INGENIERIA
-- P06
-- COMPRA
-- .STAFF. Colección General
999 ## - NÚMEROS DE CONTROL DE SISTEMA (KOHA)
-- DEWEY
-- 70812
-- 2021-11-9
-- 6
-- CCODEBUL1
-- BUL
-- 44.00
-- 1
-- 0
-- Y
-- BOOK
-- 2015-8-12
-- INGENIERIA
-- P06
-- COMPRA
-- .STAFF. Colección General
980 ## - EQUIVALENCIA O REFERENCIA-CRUZADA-MENCIÓN DE SERIE--NOMBRE DE PERSONA/TÍTULO [LOCAL, CANADÁ]
ID del último usuario que modificó el registro 1
Nombre del último usuario que modificó el registro ALBERTO SANCHEZ Responsable de Automatización
Existencias
Visto por última vez Número de inventario Total de préstamos Signatura topográfica completa Código de barras Fecha del último préstamo Copia número Coste, precio de reemplazo Fecha de reemplazo Facultad Tipo de ítem Koha Nota pública Estado de pérdida Fuente del sistema de clasificación o colocación Restricciones de uso No para préstamo Colección Programa académico Biblioteca de origen Biblioteca actual Ubicación en estantería Fecha de adquisición Fuente de adquisición Coste, precio normal de compra
2025-12-03 12 6 720.972 E8 10 70810 2018-06-03 e1 49.00 2015-08-12 FIA Libros físicos inventario-2023-12-13 No Perdido Clasificación Decimal Dewey No restringido Disponible para préstamos Colección General Arquitectura Biblioteca CRAI UPeU Lima Biblioteca CRAI UPeU Lima Sala principal 2015-08-12 COMPRA 44.00
2025-12-03 7 5 720.972 E8 11 70811 2016-11-08 e1 49.00 2015-08-12 FIA Libros físicos inventario-2023-12-13 No Perdido Clasificación Decimal Dewey No restringido Disponible para préstamos Colección General Arquitectura Biblioteca CRAI UPeU Lima Biblioteca CRAI UPeU Lima Sala principal 2015-08-12 COMPRA 44.00
2025-12-03 7   720.972 E8 12 70812   e1 49.00 2015-08-12 FIA Libros físicos inventario-2023-12-13 No Perdido Clasificación Decimal Dewey No restringido Disponible para préstamos Colección General Arquitectura Biblioteca CRAI UPeU Lima Biblioteca CRAI UPeU Lima Sala principal 2015-08-12 COMPRA 44.00